01059 2200229 4500001002100000005001500021035002000036008004100056020001100097041000800108082001300116084001700129100005800146245008500204260003500289300003700324520035600361650002400717650003600741990002600777990002600803INLIS00000000000895120221114103327 a0010-0520008951221114 | | ind  a112007 aind a923.4598 a923.4598 LUT0 aLuthfi Bukan Ludwig: Catatan Para Sahabat A.M. Luthfi1 aLuthfi Bukan Ludwig: Catatan Para Sahabat A.M. Luthfi /cAgung Yuswanto (editor) aJakarta :bMedia Dakwah,c2007 axvi, 264 hlm. :b: ill. ;c22 cm aBuku catatan para sahabat ini disusun dalam 4 (empat) bagian, yang merupakan rangkuman dari beberapa tahapan masa penting dari perjalanan hidup yang dilalui Bapak A.M. Luthfi. Dimulai dari sejak masa kecil sekolah di Cirebon hingga beliau ikut berperan aktif dalam melakukan perubahan UUD 1945 saat menjadi anggota DPR/MPR dari Partai Amanat Nasional. 4aLuthfi, A.M.,-1935- 4aPoliticians-Indonesia-Biography a22744/MKRI-P/VII-2013 a22744/MKRI-P/VII-2013